De Souza's forms and precedents of conveyancing and other instruments and major petitions to courts (Record no. 26174)

MARC details
000 -LEADER
fixed length control field 00362nam a2200121Ia 4500
082 ## - DEWEY DECIMAL CLASSIFICATION NUMBER
Classification number 347.961.4
Item number SEN
100 ## - MAIN ENTRY--AUTHOR NAME
Personal name SEN, B
245 #0 - TITLE STATEMENT
Title De Souza's forms and precedents of conveyancing and other instruments and major petitions to courts
250 ## - EDITION STATEMENT
Edition statement Ed.10
260 ## - PUBLICATION, DISTRIBUTION, ETC. (IMPRINT)
Place of publication Calcutta
Name of publisher Easter Law
Year of publication 1976
942 ## - ADDED ENTRY ELEMENTS (KOHA)
Koha item type Books
Holdings
Withdrawn status Lost status Damaged status Not for loan Home library Current library Date acquired Full call number Accession Number Koha item type
      Write off RRII Library RRII Library 16/12/2021 347.961.4 SEN 06812 Books